000 00954cam a2200277 4500
001 4515
005 20230410124006.0
008 060907n1999 dr spa
020 _a0226075125
035 _9funglode4547
041 _aEN
050 1 4 _aLB 2331
_bC532 1999
082 0 0 _a378.125
245 0 4 _aThe Chicago handbook for teachers :
_ba practical guide to the college classroom /
_cAlan Brinkley ... [et al.].
260 _aChicago :
_bThe University of Chicago Press,
_c1999.
300 _ax, 185 p. ;
_c21 cm.
504 _aIncludes bibliographical references (p. 171-176) and index.
650 0 _aCollege teaching
_vHandbooks, manuals, etc.
650 0 _aCollege teachers
_vHandbooks, manuals, etc.
650 4 _aProfesores universitarios.
650 4 _aCapacitación docente.
650 4 _aFormación profesional de maestros.
650 4 _aMotivación en educación superior.
700 _aBrinkley, Alan.
942 _2lcc
_cbk
999 _c69233
_d69233